Datum a čas kvízu
34.5
Celkem bodů
Celkový počet nahraných bodů na tomto kvízu bez doplňovacích otázek.
3.
Pořadí na kvízu
Konečné umístění týmu na tomto kvízu.
Zaznamenané odpovědi
| # | Otázka | Odpověď | Body | Výsledky |
|---|---|---|---|---|
| 1. | Prezident Petr Pavel stanovil... | 3. a 4. října (2025) | 1 | |
| 2. | Bezpečnostní složky na kosmodr... | raketoplán Buran | 0.5 | |
| 3. | V sobotu se konalo finále 69.... | Švýcarsko, Adam Pavlovčin (Adonxs) | 1 | |
| 4. | Minulý týden jsme se dozvěděli... | Kofola | 1 | |
| 5. | Který dopravní prostředek využ... | traktor | 1 | |
| 6. | Podíváme se na pět reklam, z n... | sázení (sázková kancelář, hazard) | 0 | |
| 7. | Pro který produkt byla vytvoře... | kondomy | 1 | |
| 8. | Doplňte 4 slova, která pokraču... | vy už tady nebudete | 1 | |
| 9. | Tato televizní reklama na Fido... | Karel Zich | 1 | |
| 10. | Režisér Jakub Kohák natočil te... | BESIP | 1 |